000 00648nam a22002177a 4500
003 UA-OsUOA
001 81884
007 ta
008 20120209b un ||||| |||| 00| 0 ukr d
100 _aІщук С.О.
090 _a330(477)
_bИ99
942 _cSA
040 _aUA-OsUOA
_bukr
_cUA-OsUOA
_dUA-OsUOA
245 _aПрогнозні моделі управління розвитком економіки регіону
300 _aС.21-30
955 _a0
041 _aukr
080 _a330(477)
773 0 _w81882
_tРегіональна економіка
_dЛьвів
_d2011
_g4
650 7 _a330 Економіка взагалі
_2UDC
999 _c368194
_d368194